[Event "GER-chT Federal Cup (Women)"]
[Site "Braunfels"]
[Date "2019.06.21"]
[Round "2.41"]
[White "Zschischang, Marine"]
[Black "Froehlich, Franziska"]
[Result "0-1"]
[WhiteElo "2060"]
[BlackElo "1820"]
[PlyCount "78"]
[EventDate "2019.06.20"]
[EventType "team-swiss"]
[EventRounds "5"]
[EventCountry "GER"]
[SourceTitle "CBM 191 Extra"]
[Source "ChessBase"]
[SourceDate "2019.09.30"]
[SourceVersion "1"]
[SourceVersionDate "2019.09.30"]
[SourceQuality "1"]

1. d4 d5 2. c4 e6 3. Nc3 c6 4. cxd5 exd5 5. Qc2 g6 6. Nf3 Bf5 7. Qb3 Qb6 8. Bf4 Nd7 9. e3 Ngf6 10. Qxb6 axb6 11. Nd2 Be7 12. f3 0-0 13. g4 Be6 14. Bd3 b5 15. Kf2 b4 16. Ne2 Rfc8 17. Ng3 b6 18. h4 c5 19. h5 c4 20. Bc2 c3 21. bxc3 bxc3 22. Nb1 b5 23. hxg6 fxg6 24. Ne2 b4 25. Nc1 Nb6 26. Nd3 Nc4 27. Bg3 Bd7 28. Bh4 Rcb8 29. Bxf6 Bxf6 30. Nc5 Bc6 31. Nb3 Re8 32. Re1 Bh4+ 33. Kf1 Bxe1 34. Kxe1 Nxe3 35. Bd3 Nc2+ 36. Kd1 Nxa1 37. Nxa1 Rxa2 38. Nc2 Ba4 39. Kc1 Bxc2 0-1

[Event "GER-ch U25-A"]
[Site "Willingen"]
[Date "2019.06.15"]
[Round "9"]
[White "Klugstedt, Vincent C"]
[Black "Froehlich, Franziska"]
[Result "1/2-1/2"]
[WhiteElo "1827"]
[BlackElo "1820"]
[PlyCount "129"]
[EventDate "2019.06.08"]
[EventType "swiss"]
[EventRounds "9"]
[EventCountry "GER"]
[SourceTitle "EXT 2020"]
[Source "ChessBase"]
[SourceDate "2019.10.17"]
[SourceVersion "1"]
[SourceVersionDate "2019.10.17"]
[SourceQuality "1"]

1. d4 d5 2. c4 e6 3. Nc3 c6 4. cxd5 exd5 5. Qc2 g6 6. e3 Bf5 7. Bd3 Bxd3 8. Qxd3 Nf6 9. Nge2 Bg7 10. 0-0 0-0 11. b4 a6 12. Bd2 Qd6 13. Na4 Ne4 14. Nc5 Qe7 15. f3 Nxd2 16. Qxd2 Re8 17. Kf2 Bh6 18. f4 Nd7 19. Nxd7 Qxd7 20. Ng3 a5 21. a3 Bf8 22. bxa5 Ra6 23. Rfb1 Rea8 24. Rb3 Rxa5 25. Qb2 R8a7 26. Ne2 b5 27. Nc1 Qe7 28. Nd3 Rxa3 29. Rbxa3 Rxa3 30. Rxa3 Qxa3 31. Qxa3 Bxa3 32. Ne5 b4 33. Ke2 b3 34. Kd2 c5 35. dxc5 Bxc5 36. Nd3 Bb6 37. Kc3 Bxe3 38. Kxb3 Kg7 39. Nb4 d4 40. g3 Bg1 41. h3 Bh2 42. Nd3 Bxg3 43. Kc4 Kf6 44. Kxd4 Kf5 45. Ke3 h5 46. Kf3 h4 47. Ke3 f6 48. Kf3 Bh2 49. Ke3 Bg1+ 50. Kf3 Bb6 51. Nb4 Ba7 52. Nd3 Bb8 53. Ke3 Bc7 54. Kf3 Ba5 55. Ke3 Bc3 56. Nc1 Bb4 57. Ne2 Bc5+ 58. Kf3 Bb6 59. Nc1 Bd4 60. Ne2 Bb2 61. Ng1 Ke6 62. Kg4 Bc1 63. Ne2 Be3 64. Kxh4 g5+ 65. fxg5 1/2-1/2

[Event "BL2 Sued 1617 (Women)"]
[Site "Germany"]
[Date "2017.02.12"]
[Round "5.5"]
[White "Schott, Maria"]
[Black "Froehlich, Franziska"]
[Result "1-0"]
[WhiteElo "1778"]
[BlackElo "1753"]
[PlyCount "63"]
[EventDate "2016.10.22"]
[EventType "team-tourn"]
[EventRounds "7"]
[EventCountry "GER"]
[SourceTitle "EXT 2018"]
[Source "ChessBase"]
[SourceDate "2017.10.13"]
[SourceVersion "1"]
[SourceVersionDate "2017.10.13"]
[SourceQuality "1"]
[WhiteTeam "Zeulenroda (W)"]
[BlackTeam "Stuttgart Wolfbusch (W)"]
[WhiteTeamCountry "GER"]
[BlackTeamCountry "GER"]

1. Nf3 d5 2. d4 c6 3. c4 e6 4. Nc3 dxc4 5. e4 b5 6. Ne5 Bb7 7. Qf3 Nf6 8. Bg5 Be7 9. Rd1 Nbd7 10. Be2 a6 11. Qg3 0-0 12. Bh6 Ne8 13. Nxd7 Qxd7 14. e5 Kh8 15. Be3 Qc7 16. Bf3 b4 17. Ne4 c5 18. dxc5 f5 19. Nd6 Bxf3 20. Qxf3 Rd8 21. Rc1 Qa5 22. Nb7 Qxa2 23. Nxd8 Bxd8 24. Qe2 Ba5 25. Qxc4 b3+ 26. Kf1 Qxb2 27. Bd4 Qd2 28. Rb1 f4 29. Ba1 f3 30. Qd4 Qc2 31. Rd1 fxg2+ 32. Kxg2 1-0

[Event "GER-chT Federal Cup (Women)"]
[Site "Braunfels"]
[Date "2016.05.29"]
[Round "5.8"]
[White "Froehlich, Franziska"]
[Black "Flach, Helene"]
[Result "1/2-1/2"]
[WhiteElo "1793"]
[BlackElo "1629"]
[PlyCount "80"]
[EventDate "2016.05.26"]
[EventType "team-swiss"]
[EventRounds "5"]
[EventCountry "GER"]
[SourceTitle "EXT 2019"]
[Source "ChessBase"]
[SourceDate "2018.10.10"]
[SourceVersion "1"]
[SourceVersionDate "2018.10.10"]
[SourceQuality "1"]
[WhiteTeam "Wuerttemberg (W)"]
[BlackTeam "Hessen (W)"]
[WhiteTeamCountry "GER"]
[BlackTeamCountry "GER"]

1. e4 c5 2. c3 Nf6 3. e5 Nd5 4. Nf3 e6 5. d4 cxd4 6. cxd4 d6 7. Bc4 Nc6 8. 0-0 Bd7 9. Re1 dxe5 10. dxe5 Qa5 11. Bd2 Qc5 12. Bb3 Nd4 13. Nxd4 Qxd4 14. Nc3 Nxc3 15. Bxc3 Qxd1 16. Raxd1 Be7 17. Rd4 Bc6 18. Rg4 0-0 19. Bc2 Rfd8 20. f4 h5 21. Rg3 Bc5+ 22. Kh1 Bf2 23. Rh3 Bxe1 24. Bxe1 Rac8 25. Bc3 Be4 26. Ba4 Bf5 27. Rf3 Bb1 28. a3 Bf5 29. Rf1 Bd3 30. Rf2 Bc4 31. Kg1 Rd5 32. Rf3 Rd3 33. Rf2 Rcd8 34. g3 R3d5 35. Bc2 R5d7 36. Kg2 Bd3 37. Bb3 Bf5 38. Ba4 Rd5 39. Bb3 R5d7 40. Ba4 Rd5 1/2-1/2